000 00756nam a2200193Ii 4500
003 JO-AjNU
008 230605s9999||||xx |||||||||||||| ||und||
040 _aJO-AjNU
_bara
_erda
_cJO-AjNU
041 _aara
050 1 4 _aLG395.J35.J35 2017
100 3 _aلجنة الكتاب السنوي، جامعة الحسين بن طلال,
_eauthor
_957445
245 0 0 _aأحفاد النهضة: جامعة الحسين بن طلال، الكتاب السنوي، 2017
264 3 1 _aمعان: جامعة الحسين بن طلال ، 2017
300 _a391ص
336 _atext
_btxt
_2rdacontent
337 _aunmediated
_bn
_2rdamedia
338 _avolume
_bnc
_2rdacarrier
650 4 _aالجامعات والكليات- الاردن- كتب سنوية
_957446
999 _aA25745
_c29313
_d29313